000 00531nam a22001817a 4500
999 _c20987
_d20987
003 BDDh-ASL
005 20231015025945.0
008 210117s1990 bg ||||| |||| 00| 0 eng d
040 _cBDDh-ASL
082 _a303.3309
_bMAP
100 1 _92804
_aAzam, Khwaja Mahomed
245 1 4 _aThe Panchayat System of Dhaka /
260 _aDhaka:
_bThe Dhaka City Museum,
_c1990.
300 _a79 p.:
_c22 cm.
650 0 _92806
_aDhaka Panchayat System
_xDhaka Study
_zDhaka
700 1 _92805
_aHollander, A. N. J. den
942 _2ddc
_cBK